• 首页
  • 本馆介绍
  • 公告通知
  • 最新文献
  • 馆藏检索
  • 电子资源
  • 读者导购
  • 参考咨询
  • 我的图书馆
  • 登录
  • 详细信息显示
  • 放入我的书架
  • 预约/预借图书
  • 作者相关作品
  • 分类相关作品
  • 丛书相关作品
  • 出版社相关作品

书目信息

  • 表格格式
  • 工作单格式
  • 卡片格式
题名:
蛋与蛋制品工艺学
    
 
作者: 周永昌
分册:  
出版信息:   中国农业出版社  1995. 9
页数: 284页
开本: 16开
丛书名:
单 册:
中图分类: TS253.8
科图分类:
主题词: 食品工业
电子资源:
ISBN: 7-109-03934-X
000 00528nam0 2200193 45
001 0308271081
005 20030827105713.7
010    @a7-109-03934-X@dRMB20.30
100    @a20030827d1995 km y0chiy0120 ea
101    @achi
105    @a z 000yy
200 1  @a蛋与蛋制品工艺学@Adan yu dan zhi pin gong yi xue@f周永昌@Fzhou yong chang
210    @c中国农业出版社@d1995. 9
215    @a284页@c无图表@d16开
606 0  @a食品工业
690    @aTS253.8@v3
701  0 @a周永昌
801    @aCN@b@c20030827
905    @aBZT@dTS253.8@e90
    
    蛋与蛋制品工艺学/周永昌.-中国农业出版社,1995. 9
    284页:无图表;16开
    
    
    ISBN 7-109-03934-X:RMB20.30
    
●
相关链接 在五车中查询图书 在当当中查询图书 在豆瓣中查询图书


正题名:蛋与蛋制品工艺学     索取号:TS253.8/90         预约/预借

序号 登录号 条形码 馆藏地/架位号 状态 备注
1 74898   200031580   中心书库中库/ 中库025架A面5列6层38/ [索取号:TS253.8/90] 在馆    
2 74899   200031465   中心书库中库/ 中库025架A面5列6层51/ [索取号:TS253.8/90] 在馆    
3 74900   200031599   中心书库中库/ 中库025架A面5列6层50/ [索取号:TS253.8/90] 在馆    
4 74901   200031606   中心书库中库/ 中库025架A面5列6层49/ [索取号:TS253.8/90] 在馆    
5 74902   200031535   中心书库中库/ 中库025架A面5列6层48/ [索取号:TS253.8/90] 在馆    
6 74903   200031562   中心书库中库/ 中库025架A面5列6层47/ [索取号:TS253.8/90] 在馆    
7 74904   200031615   中心书库中库/ 中库025架A面5列6层46/ [索取号:TS253.8/90] 在馆    
8 74905   200031571   中心书库中库/ 中库025架A面5列6层45/ [索取号:TS253.8/90] 在馆    
9 74906   200031456   中心书库中库/ 中库025架A面5列6层44/ [索取号:TS253.8/90] 在馆    
10 74907   200031474   中心书库中库/ 中库025架A面5列6层43/ [索取号:TS253.8/90] 在馆    
11 74908   200031553   中心书库中库/ 中库025架A面5列6层42/ [索取号:TS253.8/90] 在馆    
12 74909   200031526   中心书库中库/ 中库025架A面5列6层40/ [索取号:TS253.8/90] 在馆    
13 74910   200031544   中心书库中库/ 中库025架A面5列6层39/ [索取号:TS253.8/90] 在馆    
14 74911   200031517   中心书库中库/ 中库025架B面6列4层42/ [索取号:TS253.8/90] 在馆    
15 74912   200031492   中心书库中库/ 中库025架A面5列6层41/ [索取号:TS253.8/90] 在馆    
山东省滨州职业学院图书馆 欢迎您!
大连网信软件有限公司© 版权所有